| 000 | 00676nam a2200205Ia 4500 | ||
|---|---|---|---|
| 003 | GCL | ||
| 008 | 140319s9999 xx 000 0 ara d | ||
| 040 |
_aGCL / _cGCL |
||
| 082 | 0 | 4 |
_aق _b759.953 _bم م |
| 100 | 1 | _aمحمود ابراهيم حسين | |
| 245 | 1 | 0 |
_aالمدخل فى التصوير الاسلامى / _cمحمود ابراهيم حسين |
| 300 | _a210 | ||
| 490 |
_aكتاب _v0 |
||
| 650 | 0 | 4 | _aالتصوير |
| 650 | 0 | 4 | _aالفنون الاسلامية |
| 650 | 0 | 4 | _aالفنون - تاريخ |
| 650 | 0 | 4 | _aالفن الاسلامى - تاريخ |
| 650 | 0 | 4 | _aالعالم العربى - تاريخ - العصر العثمانى |
| 942 |
_2ddc _cBK |
||
| 999 |
_c42412 _d42412 |
||